[Event "Chess Olympiad"]
[Site "Tromso NOR"]
[Date "2014.08.05"]
[EventDate "2014.08.02"]
[Round "4.5"]
[Result "1-0"]
[White "Maxim Rodshtein"]
[Black "Sergei Tiviakov"]
[WhiteElo "2671"]
[BlackElo "2664"]
[PlyCount "99"]

1. e4 c5 2. Nf3 Nc6 3. Bb5 d6 4. O-O Bd7 5. Re1 Nf6 6. h3 e6
7. c3 Ne5 8. Bf1 Nxf3+ 9. Qxf3 Qb6 10. Na3 Bc6 11. d3 Be7
12. Rb1 O-O 13. b4 cxb4 14. Nc4 Qa6 15. cxb4 d5 16. Na5 Bb5
17. Bg5 dxe4 18. dxe4 Bxf1 19. Rxf1 e5 20. Qf5 Rae8 21. Rfc1
Bd8 22. Bxf6 Bxf6 23. Qd7 Re7 24. Qd5 h5 25. Rc2 Bg5 26. Rd1
Qb6 27. a3 a6 28. Rd3 h4 29. Rc4 Qa7 30. Qd6 Qa8 31. Qb6 Kh7
32. Rd6 Rc8 33. Rc5 Rxc5 34. bxc5 Qc8 35. Nc4 Rc7 36. Rd5 Rc6
37. Qb4 Be7 38. Nb6 Qe6 39. Nd7 b6 40. Qd2 bxc5 41. Rxe5 Qd6
42. Qd5 Bf6 43. Nxf6+ Qxf6 44. Rh5+ Kg6 45. Rh8 Qe6 46. Qh5+
Kf6 47. Qxh4+ Ke5 48. Qg3+ Kf6 49. e5+ Ke7 50. Qg5+ 1-0

[Event "Chess Olympiad"]
[Site "Tromso NOR"]
[Date "2014.08.06"]
[EventDate "2014.08.02"]
[Round "5.6"]
[Result "1-0"]
[White "Lazaro Bruzon Batista"]
[Black "Maxim Rodshtein"]
[WhiteElo "2664"]
[BlackElo "2671"]
[PlyCount "75"]

1. e4 c5 2. Nf3 e6 3. d4 cxd4 4. Nxd4 Nc6 5. Nc3 Qc7 6. Be2 a6
7. Be3 b5 8. Nxc6 Qxc6 9. Bf3 Bb7 10. O-O Qc7 11. e5 Rc8
12. Bxb7 Qxb7 13. Qd3 f5 14. exf6 Nxf6 15. Bd4 Be7 16. Rad1 b4
17. Bxf6 Bxf6 18. Ne4 Be7 19. Rfe1 d5 20. Nd2 Qb6 21. Nf3 O-O
22. Nd4 Rf6 23. Re2 Rc4 24. Kh1 Bf8 25. f4 g6 26. g3 a5
27. Nf3 a4 28. Ne5 Rc7 29. Rde1 Re7 30. h4 Bg7 31. Nf3 Rf5
32. Ng5 Bxb2 33. Rxe6 Rxe6 34. Rxe6 Qf2 35. Re2 Qb6 36. Re8+
Kg7 37. Qe2 Bf6 38. Rg8+ 1-0

[Event "Chess Olympiad"]
[Site "Tromso NOR"]
[Date "2014.08.09"]
[EventDate "2014.08.02"]
[Round "7.15"]
[Result "1/2-1/2"]
[White "Tsegmed Batchuluun"]
[Black "Maxim Rodshtein"]
[WhiteElo "2513"]
[BlackElo "2671"]
[PlyCount "66"]

1. d4 Nf6 2. c4 g6 3. Nc3 d5 4. Bf4 Bg7 5. e3 O-O 6. Rc1 Be6
7. Qb3 c5 8. Qxb7 Qb6 9. Qxb6 axb6 10. Nf3 dxc4 11. dxc5 bxc5
12. Nd2 Nd5 13. Bxc4 Bxc3 14. bxc3 Nxf4 15. exf4 Bxc4 16. Nxc4
Rxa2 17. g3 Nd7 18. O-O Nf6 19. Ra1 Rfa8 20. Rxa2 Rxa2 21. Re1
Kf8 22. Ne5 Rc2 23. c4 h5 24. h3 h4 25. g4 Kg7 26. Kg2 Ne8
27. Nd3 e6 28. f5 Rc3 29. Nxc5 Rxc4 30. Nd7 Rd4 31. fxe6 Nc7
32. Nc5 Rc4 33. e7 Rxc5 1/2-1/2

[Event "Chess Olympiad"]
[Site "Tromso NOR"]
[Date "2014.08.10"]
[EventDate "2014.08.02"]
[Round "8.11"]
[Result "1-0"]
[White "Maxim Rodshtein"]
[Black "Firman Syah Farid"]
[WhiteElo "2671"]
[BlackElo "2400"]
[PlyCount "87"]

1. d4 d5 2. c4 c6 3. Nf3 Nf6 4. e3 g6 5. Nc3 Bg7 6. Be2 O-O
7. O-O a6 8. Bd2 b6 9. Qb3 Bb7 10. Na4 Nbd7 11. cxd5 Nxd5
12. Rac1 e6 13. Rfd1 f5 14. Bb4 Rf7 15. Bd6 Bf8 16. Bxf8 Kxf8
17. Ne1 Kg7 18. Nd3 Re7 19. Bf3 Rb8 20. Qa3 N7f6 21. Rc2 Rc7
22. Rdc1 Qf8 23. Qxf8+ Kxf8 24. a3 Ke7 25. b4 Nd7 26. e4 fxe4
27. Bxe4 Rcc8 28. Re1 Kd6 29. g3 N7f6 30. Bg2 Rc7 31. Nab2 Bc8
32. Nc4+ Ke7 33. Bh3 Nh5 34. Nce5 Kd6 35. f4 Ng7 36. Nf2 Bd7
37. Ne4+ Ke7 38. Ng5 Be8 39. Nxh7 a5 40. bxa5 bxa5 41. Ng5 Rb3
42. Nc4 Bd7 43. Rce2 Rc3 44. Nxe6 1-0

[Event "Chess Olympiad"]
[Site "Tromso NOR"]
[Date "2014.08.11"]
[EventDate "2014.08.02"]
[Round "9.5"]
[Result "1-0"]
[White "Csaba Balogh"]
[Black "Maxim Rodshtein"]
[WhiteElo "2637"]
[BlackElo "2671"]
[PlyCount "129"]

1. e4 e5 2. Nf3 Nc6 3. Bb5 Nf6 4. d3 Bc5 5. c3 O-O 6. O-O Re8
7. Bg5 h6 8. Bh4 Be7 9. Nbd2 d6 10. d4 exd4 11. Nxd4 Bd7
12. Nxc6 bxc6 13. Bd3 Qb8 14. Qc2 a5 15. Rae1 Ng4 16. Bg3 a4
17. h3 Ne5 18. Be2 Qb6 19. Kh2 Rab8 20. Rb1 Qa7 21. f4 Ng6
22. Bd3 Nf8 23. Nf3 c5 24. e5 Bc6 25. f5 Bxf3 26. f6 Bd5
27. c4 Be6 28. fxe7 Rxe7 29. exd6 cxd6 30. Bxd6 Rd7 31. Bxb8
Qxb8+ 32. Kh1 Rd4 33. b3 axb3 34. axb3 g6 35. Be4 Qe5 36. Rbe1
Qg3 37. Rd1 Nd7 38. Bd5 Bf5 39. Qe2 Nf6 40. Rxd4 cxd4 41. Bf3
d3 42. Qf2 Qe5 43. c5 Qc3 44. Qe3 Qxb3 45. c6 Qb8 46. Qe7 Kg7
47. c7 Qb2 48. Qc5 Bc8 49. Rd1 d2 50. Qd6 Qc1 51. Kh2 Ne8
52. Qe5+ Kf8 53. Qh8+ Ke7 54. Qxh6 Qxc7+ 55. Kh1 Qc3 56. Rxd2
Qc1+ 57. Kh2 Qc7+ 58. g3 Be6 59. Bd5 Bxd5 60. Rxd5 Nf6 61. Qg5
Qc2+ 62. Rd2 Qc3 63. Ra2 Qd4 64. Rc2 Kf8 65. Qh6+ 1-0

[Event "Chess Olympiad"]
[Site "Tromso NOR"]
[Date "2014.08.12"]
[EventDate "2014.08.02"]
[Round "10.14"]
[Result "1/2-1/2"]
[White "Maxim Rodshtein"]
[Black "Igor Kovalenko"]
[WhiteElo "2671"]
[BlackElo "2650"]
[PlyCount "118"]

1. e4 c6 2. d4 d5 3. e5 Bf5 4. Nf3 e6 5. Be2 c5 6. Be3 Qb6
7. Nc3 Nc6 8. O-O Qxb2 9. Qe1 c4 10. Rb1 Qxc2 11. Bd1 Qxb1
12. Nxb1 Bxb1 13. Ba4 Bd3 14. Bxc6+ bxc6 15. Qa5 Kd7 16. Qa6
Rc8 17. Bd2 Be7 18. Ba5 Bd8 19. Qxa7+ Bc7 20. Rc1 Ne7 21. Bb6
Rhd8 22. a4 Ke8 23. Bc5 Rd7 24. Qa6 Rb8 25. h4 Bd8 26. a5 h6
27. Ne1 Bh7 28. Nc2 Rdb7 29. Bxe7 Kxe7 30. Qxc6 Rb1 31. Rxb1
Rxb1+ 32. Kh2 Bxc2 33. a6 Bb6 34. Qb7+ Kf8 35. Qb8+ Ke7
36. Qb7+ Ke8 37. Qb8+ Ke7 38. a7 Bxa7 39. Qxa7+ Kf8 40. Qa8+
Ke7 41. h5 g6 42. Qa3+ Ke8 43. Qa8+ Ke7 44. hxg6 Bxg6 45. g4
h5 46. Qa3+ Ke8 47. gxh5 Bxh5 48. Qd6 Rb3 49. Qc7 Bg6 50. Qc8+
Ke7 51. Qc7+ Kf8 52. Qd8+ Kg7 53. Qf6+ Kh6 54. Qh4+ Bh5 55. f4
Rb2+ 56. Kg1 Rb1+ 57. Kf2 Rb2+ 58. Kf1 Rb1+ 59. Kf2 Rb2+
1/2-1/2

[Event "Chess Olympiad"]
[Site "Tromso NOR"]
[Date "2014.08.14"]
[EventDate "2014.08.02"]
[Round "11.9"]
[Result "1/2-1/2"]
[White "Hrvoje Stevic"]
[Black "Maxim Rodshtein"]
[WhiteElo "2606"]
[BlackElo "2671"]
[PlyCount "110"]

1. e4 c6 2. Nc3 d5 3. Nf3 Bg4 4. h3 Bxf3 5. Qxf3 Nf6 6. Be2 e6
7. O-O d4 8. Nb1 Nbd7 9. d3 Bd6 10. Bd1 c5 11. c3 dxc3
12. Nxc3 Qb8 13. Be3 O-O 14. d4 cxd4 15. Bxd4 b5 16. Be2 a6
17. Rfd1 Rc8 18. Bf1 h5 19. a3 h4 20. Rac1 Bf4 21. Rc2 Bh6
22. Qe2 Ne5 23. Nd5 Rxc2 24. Nxf6+ gxf6 25. Qxc2 Bg5 26. a4
bxa4 27. Qxa4 Qb7 28. Bc3 Bf4 29. Be2 a5 30. Rd4 Qc7 31. Qd1
Kg7 32. Qa4 Rb8 33. Qa3 Qb6 34. Rd1 Nc6 35. Bh5 Qb5 36. Bg4
Ne5 37. Qxa5 Qxa5 38. Bxa5 Nxg4 39. hxg4 Rxb2 40. Be1 Bc7
41. Kf1 Kg6 42. Rc1 Be5 43. Rc8 Kg7 44. Rd8 Ra2 45. Bd2 Ra4
46. f3 Ra1+ 47. Ke2 Ra2 48. Kd3 Ra1 49. Ke2 Bg3 50. Be3 Re1+
51. Kd2 Rh1 52. Ke2 Rh2 53. Kf1 Rh1+ 54. Ke2 Rh2 55. Kf1 Rh1+
1/2-1/2

[Event "Bundesliga 2014/15"]
[Site "Baden-Baden GER"]
[Date "2014.11.07"]
[EventDate "2014.10.18"]
[Round "7.2"]
[Result "1-0"]
[White "Arkadij Naiditsch"]
[Black "Maxim Rodshtein"]
[WhiteElo "2710"]
[BlackElo "2678"]
[PlyCount "81"]

1. e4 c6 2. d4 d5 3. e5 Bf5 4. Nf3 e6 5. Be2 Ne7 6. O-O Nd7
7. Nh4 Be4 8. Nd2 c5 9. Nxe4 dxe4 10. g3 Qb6 11. c3 Rd8
12. dxc5 Nxc5 13. Qc2 Nc6 14. Be3 Qc7 15. Rad1 Rxd1 16. Rxd1
Be7 17. b4 Nd3 18. Bxd3 exd3 19. Qxd3 Bxh4 20. gxh4 O-O
21. Qd6 Qxd6 22. exd6 b6 23. d7 Rd8 24. Bf4 e5 25. b5 Nb8
26. Bxe5 Rxd7 27. Bd6 f6 28. a4 h5 29. Kg2 Rd8 30. Rd4 Kh7
31. Kf3 Rc8 32. Ke4 Nd7 33. c4 Kg6 34. Kd5 Kf5 35. Rf4+ Kg6
36. Ke6 Nc5+ 37. Bxc5 Rxc5 38. Kd6 Rc8 39. a5 Rc5 40. a6 Rc8
41. Re4 1-0

[Event "Bundesliga 2014/15"]
[Site "Baden-Baden GER"]
[Date "2014.11.08"]
[EventDate "2014.10.18"]
[Round "3.8"]
[Result "1/2-1/2"]
[White "Maxim Rodshtein"]
[Black "Piotr Bobras"]
[WhiteElo "2678"]
[BlackElo "2535"]
[PlyCount "63"]

1. Nf3 Nf6 2. c4 c5 3. d4 cxd4 4. Nxd4 Nc6 5. Nc3 e6 6. a3 Be7
7. e4 O-O 8. Nf3 b6 9. Be2 Bb7 10. O-O Qb8 11. g3 Rd8 12. Bf4
d6 13. Qc2 Ne5 14. Rfd1 Ng6 15. Bg5 h6 16. Be3 d5 17. exd5
exd5 18. cxd5 Nxd5 19. Nxd5 Bxd5 20. Qa4 Qc8 21. Rac1 Qf5
22. Nd4 Qh3 23. Bf1 Qg4 24. Be2 Qh3 25. Bf1 Qg4 26. Be2 Qc8
27. Nf3 Qf5 28. Nd4 Qh3 29. Bf1 Qg4 30. Be2 Qh3 31. Bf1 Qg4
32. Be2 1/2-1/2

[Event "Bundesliga 2014/15"]
[Site "Baden-Baden GER"]
[Date "2014.11.09"]
[EventDate "2014.10.18"]
[Round "4.7"]
[Result "1/2-1/2"]
[White "Maxim Rodshtein"]
[Black "Richard Rapport"]
[WhiteElo "2678"]
[BlackElo "2720"]
[PlyCount "107"]

1. d4 Nf6 2. c4 c5 3. d5 e5 4. Nc3 d6 5. e4 Nbd7 6. Nf3 Be7
7. g3 a6 8. a4 Nf8 9. a5 Bd7 10. h4 h6 11. Bh3 Bxh3 12. Rxh3
N8d7 13. h5 Nh7 14. Rh1 O-O 15. Qd3 Rb8 16. Bd2 Bg5 17. Nxg5
Nxg5 18. g4 b5 19. axb6 Rxb6 20. Nd1 Qf6 21. Ra3 Rfb8 22. Ke2
Qe7 23. b3 Qf6 24. f3 Nf8 25. Nf2 Kh8 26. Rha1 Kg8 27. Rc1 Nd7
28. Rc3 Nf8 29. Qb1 Nd7 30. Qc1 Nh7 31. Rd3 Qh4 32. Qh1 Qf6
33. Nd1 Ng5 34. Ne3 g6 35. Nf1 Kg7 36. Ng3 a5 37. hxg6 fxg6
38. Bxa5 Ra8 39. Bb4 Rxa3 40. Bxa3 Qf4 41. Nf1 Ra6 42. Bb2 Ra2
43. Rd2 Nf6 44. Rc2 h5 45. gxh5 Rxb2 46. Rxb2 Qc1 47. h6+ Kf7
48. Ra2 Nh5 49. Kf2 Nf4 50. h7 Nfh3+ 51. Kg2 Nf4+ 52. Kf2
Nfh3+ 53. Kg2 Nf4+ 54. Kf2 1/2-1/2

[Event "Bundesliga 2014/15"]
[Site "Schwaebisch Hall GER"]
[Date "2014.12.06"]
[EventDate "2014.10.18"]
[Round "5.9"]
[Result "1-0"]
[White "Maxim Rodshtein"]
[Black "Klaus Bischoff"]
[WhiteElo "2678"]
[BlackElo "2504"]
[PlyCount "85"]

1. d4 d5 2. c4 dxc4 3. e4 Nf6 4. e5 Nd5 5. Bxc4 Nb6 6. Bd3 Nc6
7. Ne2 Nb4 8. Be4 N4d5 9. Nbc3 c6 10. O-O Be6 11. Bf3 Nxc3
12. bxc3 Bc4 13. Re1 e6 14. Ng3 Be7 15. a4 Bd5 16. Be4 Nc4
17. Bd3 Qa5 18. Bxc4 Bxc4 19. Ba3 Bxa3 20. Rxa3 O-O 21. Nh5
Kh8 22. Qg4 Rg8 23. Re3 c5 24. Ra1 cxd4 25. cxd4 Rad8 26. Qh4
g5 27. Qe4 Qd2 28. Qf3 f5 29. exf6 Qxd4 30. Rae1 Bd5 31. Qg3
Rc8 32. h3 h6 33. Rd3 Qb2 34. Kh2 Rgf8 35. h4 Rf7 36. hxg5
hxg5 37. Rxd5 exd5 38. Qxg5 Qxf2 39. Re7 Rcf8 40. Qh6+ Kg8
41. Qg6+ Kh8 42. Qh6+ Kg8 43. Nf4 1-0

[Event "Bundesliga 2014/15"]
[Site "Schwaebisch Hall GER"]
[Date "2014.12.07"]
[EventDate "2014.10.18"]
[Round "6.1"]
[Result "1/2-1/2"]
[White "Boris Gelfand"]
[Black "Maxim Rodshtein"]
[WhiteElo "2748"]
[BlackElo "2678"]
[PlyCount "59"]

1. d4 d5 2. c4 c6 3. Nf3 Nf6 4. e3 Bf5 5. Nc3 e6 6. Nh4 Be4
7. f3 Bg6 8. Qb3 Qc7 9. g3 Be7 10. Be2 O-O 11. O-O Rd8 12. Rd1
a6 13. c5 Nbd7 14. Na4 Bh5 15. g4 Ne8 16. Ng2 Bg6 17. Bd2 h5
18. Nf4 hxg4 19. Nxg6 fxg6 20. Qc2 Nf8 21. Nb6 Rab8 22. f4 g5
23. Bxg4 gxf4 24. exf4 Bf6 25. Be3 Nd6 26. Kh1 Nf5 27. Bxf5
exf5 28. Qxf5 Re8 29. Rg1 Qe7 30. Rg3 1/2-1/2

[Event "Hastings Chess Congress"]
[Site "Hastings ENG"]
[Date "2014.12.29"]
[EventDate "2014.12.29"]
[Round "1.1"]
[Result "1-0"]
[White "Maxim Rodshtein"]
[Black "Ezra Kirk"]
[WhiteElo "2676"]
[BlackElo "2308"]
[PlyCount "47"]

1. d4 Nf6 2. c4 g6 3. Nc3 Bg7 4. e4 d6 5. Nf3 O-O 6. h3 e5
7. d5 a5 8. g4 Na6 9. Be3 Nd7 10. a3 f5 11. gxf5 gxf5 12. exf5
Nf6 13. Qc2 e4 14. Nd4 c6 15. Rg1 Kh8 16. O-O-O cxd5 17. cxd5
Rf7 18. Kb1 Rc7 19. Qd2 Rxc3 20. Qxc3 Nxd5 21. Qb3 Nxe3
22. fxe3 Qf6 23. Bxa6 bxa6 24. Rd2 1-0

[Event "Hastings Chess Congress"]
[Site "Hastings ENG"]
[Date "2014.12.30"]
[EventDate "2014.12.29"]
[Round "2.1"]
[Result "1/2-1/2"]
[White "Glenn Flear"]
[Black "Maxim Rodshtein"]
[WhiteElo "2460"]
[BlackElo "2676"]
[PlyCount "59"]

1. d4 Nf6 2. c4 g6 3. Nc3 d5 4. cxd5 Nxd5 5. Bd2 Bg7 6. e4
Nxc3 7. Bxc3 O-O 8. Qd2 c5 9. d5 e6 10. Bc4 exd5 11. Bxd5 Nd7
12. Nf3 Nf6 13. O-O Qe7 14. Rfe1 Rd8 15. Rad1 Be6 16. Qf4 h6
17. h3 Nh5 18. Qc1 Rac8 19. Bxe6 Qxe6 20. Rxd8+ Rxd8 21. Bxg7
Kxg7 22. Qxc5 Qxa2 23. Qe7 Rc8 24. e5 Qxb2 25. e6 Qf6 26. Qxb7
Re8 27. e7 Qb6 28. Qxb6 axb6 29. Rb1 Rxe7 30. Kf1 1/2-1/2

[Event "Hastings Chess Congress"]
[Site "Hastings ENG"]
[Date "2015.01.01"]
[EventDate "2014.12.29"]
[Round "4.2"]
[Result "1-0"]
[White "Miklos Galyas"]
[Black "Maxim Rodshtein"]
[WhiteElo "2428"]
[BlackElo "2676"]
[PlyCount "57"]

1. Nf3 d5 2. c4 d4 3. b4 f6 4. e3 e5 5. c5 Qe7 6. Bb5+ c6
7. Bc4 Be6 8. Qb3 Bxc4 9. Qxc4 dxe3 10. fxe3 a5 11. O-O axb4
12. d4 Na6 13. a3 bxa3 14. Rxa3 g6 15. Nc3 e4 16. Nd2 f5
17. Ndxe4 fxe4 18. Nxe4 Qd7 19. Nd6+ Bxd6 20. cxd6 Nh6 21. e4
Qxd6 22. Bxh6 Qxa3 23. Qf7+ Kd8 24. Qxb7 Nc7 25. Bg5+ Kd7
26. Rf7+ Ke6 27. Qxc7 Qa1+ 28. Rf1 Qxd4+ 29. Kh1 1-0

[Event "Hastings Chess Congress"]
[Site "Hastings ENG"]
[Date "2015.01.02"]
[EventDate "2014.12.29"]
[Round "5.12"]
[Result "1-0"]
[White "Maxim Rodshtein"]
[Black "Nino Maisuradze"]
[WhiteElo "2676"]
[BlackElo "2323"]
[PlyCount "45"]

1. c4 e5 2. Nc3 Nc6 3. Nf3 f5 4. g3 e4 5. Nh4 d6 6. d3 Be7
7. Ng2 Nf6 8. dxe4 fxe4 9. Ne3 Be6 10. Bg2 Ne5 11. Nxe4 c6
12. Qc2 Qb6 13. O-O O-O 14. Ng5 Bd7 15. Nf5 Rae8 16. Nxe7+
Rxe7 17. Be3 Qb4 18. b3 h6 19. Nf3 Nfg4 20. Qd2 Qa3 21. Bd4
Nxf3+ 22. exf3 Nf6 23. Bc3 1-0

[Event "Hastings Chess Congress"]
[Site "Hastings ENG"]
[Date "2015.01.03"]
[EventDate "2014.12.29"]
[Round "6.7"]
[Result "0-1"]
[White "Peter John Sowray"]
[Black "Maxim Rodshtein"]
[WhiteElo "2365"]
[BlackElo "2676"]
[PlyCount "174"]

1. d4 Nf6 2. c4 e6 3. Nc3 Bb4 4. e3 b6 5. Ne2 Ba6 6. a3 Bxc3+
7. Nxc3 d5 8. b3 O-O 9. Be2 Nc6 10. a4 Na5 11. Nb5 c6 12. Na3
c5 13. Nb5 Bb7 14. O-O a6 15. Na3 Ne4 16. Bb2 Qg5 17. g3 Rfd8
18. Qc2 Rac8 19. Bf3 h5 20. Rad1 h4 21. Bg2 hxg3 22. hxg3 f5
23. dxc5 bxc5 24. Nb1 Nc6 25. cxd5 Nb4 26. Qe2 exd5 27. Nc3
Re8 28. Nxe4 fxe4 29. Bc3 Nd3 30. Rxd3 exd3 31. Qxd3 c4
32. Qb1 Qe7 33. bxc4 Rxc4 34. Qb3 Rec8 35. Bd2 Bc6 36. Rb1 Qf7
37. Qb6 d4 38. Bxc6 dxe3 39. Bxe3 R4xc6 40. Qd4 Rc4 41. Qd1
R4c7 42. Qd3 Rc6 43. a5 Qa2 44. Qb3+ Qxb3 45. Rxb3 Rd8 46. Rb7
Rd5 47. Bb6 g5 48. Kg2 g4 49. Re7 Rc4 50. Re2 Kf7 51. f3 Rd3
52. fxg4 Rxg4 53. Bf2 Rg5 54. Be1 Ra3 55. Rc2 Re5 56. Bb4 Rb3
57. Rc4 Ke6 58. Kh3 Rh5+ 59. Kg4 Rh8 60. Bc3 Rg8+ 61. Kf4 Kd5
62. Rc7 Ra3 63. Kf3 Rg6 64. Kf4 Ra4+ 65. Kf3 Rg5 66. Be1 Re5
67. Bd2 Rf5+ 68. Ke2 Re4+ 69. Kd1 Rf1+ 70. Kc2 Rf2 71. Rd7+
Kc6 72. Rd8 Rg2 73. Kd3 Re5 74. Kc4 Rxg3 75. Rc8+ Kb7 76. Rd8
Rg4+ 77. Kb3 Rb5+ 78. Ka3 Rg1 79. Ka2 Rd1 80. Rd7+ Kc8 81. Rd4
Rxa5+ 82. Kb2 Rc5 83. Rd3 Kb7 84. Rd6 Rb5+ 85. Ka2 Kc7 86. Rd3
Kc6 87. Rd8 Rd5 0-1

[Event "Tradewise Gibraltar"]
[Site "Caleta ENG"]
[Date "2015.02.02"]
[EventDate "2015.01.27"]
[Round "7.12"]
[Result "1/2-1/2"]
[White "Babu M R Lalith"]
[Black "Maxim Rodshtein"]
[WhiteElo "2537"]
[BlackElo "2680"]
[PlyCount "103"]

1. d4 d5 2. Nf3 Nf6 3. c4 e6 4. Nc3 c6 5. g3 dxc4 6. Bg2 b5
7. O-O Bb7 8. Ne5 a6 9. b3 cxb3 10. axb3 Be7 11. Bb2 Qb6
12. Qc2 Nbd7 13. Nxd7 Nxd7 14. Ne4 O-O 15. Qc3 b4 16. Qf3 Rab8
17. Qf4 c5 18. dxc5 Nxc5 19. Nxc5 Qxc5 20. Bxb7 Rxb7 21. Rxa6
Qc2 22. Qf3 Rb5 23. Ba1 Rf5 24. Qg4 Rg5 25. Qf3 Rd5 26. Qg4
Rg5 27. Qf3 h5 28. Rc6 Qa2 29. e4 Ra5 30. Rfc1 Bg5 31. Rd1 Rd8
32. Rxd8+ Bxd8 33. Bd4 Qd2 34. Rd6 Qc1+ 35. Kg2 Qc7 36. e5 Qc8
37. Qc6 Qxc6+ 38. Rxc6 Be7 39. Rc8+ Bf8 40. Kf3 g5 41. Ke4 Kg7
42. Be3 Be7 43. Rc7 f5+ 44. exf6+ Kxf6 45. Bd4+ Kf7 46. h3 Ke8
47. Rb7 Kf7 48. g4 hxg4 49. hxg4 Ke8 50. Be3 Rd5 51. Bd4 Kf7
52. Be3 1/2-1/2

[Event "European Individual Championship"]
[Site "Jerusalem ISR"]
[Date "2015.02.24"]
[EventDate "2015.02.24"]
[Round "1.25"]
[Result "1/2-1/2"]
[White "Ramil Faizrakhmanov"]
[Black "Maxim Rodshtein"]
[WhiteElo "2371"]
[BlackElo "2660"]
[PlyCount "81"]

1. d4 Nf6 2. c4 e6 3. Nf3 d5 4. Nc3 Bb4 5. Bg5 h6 6. Bxf6 Qxf6
7. cxd5 exd5 8. Qa4+ Nc6 9. e3 O-O 10. Be2 Be6 11. O-O a6
12. Rfc1 Bd6 13. Qd1 Ne7 14. a3 Rfe8 15. Na4 b6 16. b4 g5
17. Nb2 Ng6 18. Nd3 Re7 19. a4 a5 20. b5 g4 21. Nfe5 h5
22. Nc6 Ree8 23. Rc3 Bf5 24. Rac1 Re6 25. Nde5 Nxe5 26. dxe5
Bxe5 27. Nxe5 Qxe5 28. Rxc7 Rd8 29. Bd3 Bxd3 30. Qxd3 Qe4
31. Qxe4 Rxe4 32. g3 Rxa4 33. Rc8 Rxc8 34. Rxc8+ Kg7 35. Rc6
d4 36. exd4 Rxd4 37. Rxb6 Rb4 38. Rb8 a4 39. b6 a3 40. Ra8
Rxb6 41. Rxa3 1/2-1/2

[Event "European Individual Championship"]
[Site "Jerusalem ISR"]
[Date "2015.02.26"]
[EventDate "2015.02.24"]
[Round "3.28"]
[Result "0-1"]
[White "Andrey Zhigalko"]
[Black "Maxim Rodshtein"]
[WhiteElo "2572"]
[BlackElo "2660"]
[PlyCount "111"]

1. e4 c6 2. d4 d5 3. e5 Bf5 4. c4 e6 5. a3 Ne7 6. Nc3 Nd7
7. Nf3 Bg4 8. Be3 Nf5 9. cxd5 cxd5 10. h3 Bh5 11. Bd3 Bg6
12. Bf4 a6 13. h4 Ne7 14. h5 Bxd3 15. Qxd3 h6 16. O-O Rc8
17. Rfc1 Nb6 18. b3 Nc6 19. Bd2 Be7 20. Ne2 Kd7 21. Ne1 Qg8
22. Qf3 g6 23. Nd3 gxh5 24. Qxh5 Qg6 25. Ndf4 Qh7 26. Rc3 Rcg8
27. Qh3 h5 28. a4 a5 29. Rac1 Rg4 30. f3 Rg7 31. Kf2 h4
32. Ke1 Bb4 33. Rc5 Bxc5 34. dxc5 Nc8 35. Nxd5 Qd3 36. Nf6+
Kc7 37. f4 Qxh3 38. gxh3 N8e7 39. Kf2 Rd8 40. Ne4 Nf5 41. Nd6
Rdg8 42. Rg1 Rxg1 43. Nxg1 Rg3 44. Nxf5 exf5 45. Nf3 Rxh3
46. Be1 Kd7 47. Kg2 Rxf3 48. Kxf3 Nd4+ 49. Kg2 Nxb3 50. Bf2
Kc6 51. Kh3 Nxc5 52. Kxh4 Ne6 53. Be1 b5 54. axb5+ Kxb5
55. Kh5 a4 56. Bc3 0-1

[Event "European Individual Championship"]
[Site "Jerusalem ISR"]
[Date "2015.02.25"]
[EventDate "2015.02.24"]
[Round "2.63"]
[Result "1-0"]
[White "Maxim Rodshtein"]
[Black "Igor Bitensky"]
[WhiteElo "2660"]
[BlackElo "2384"]
[PlyCount "93"]

1. d4 Nf6 2. c4 g6 3. Nc3 Bg7 4. e4 d6 5. Nf3 O-O 6. h3 e5
7. d5 Nh5 8. g3 f5 9. exf5 gxf5 10. Nh4 Nf6 11. Bd3 e4 12. Be2
Nfd7 13. Ng2 Ne5 14. Nf4 Na6 15. Be3 Nc5 16. Qc2 Bd7 17. O-O-O
Qe7 18. Kb1 a6 19. Qd2 Ncd3 20. Bxd3 exd3 21. Bd4 Nf3 22. Qe3
Qxe3 23. fxe3 Nxd4 24. exd4 Bxd4 25. Rxd3 Be5 26. Re1 Rae8
27. Kc2 b5 28. cxb5 axb5 29. a3 Kf7 30. Rf1 Rb8 31. Kb3 Ra8
32. Nfe2 Kg6 33. Nf4+ Kf7 34. Rc1 Rfc8 35. Rdd1 Ra7 36. Rf1
Rg8 37. g4 fxg4 38. Nd3+ Ke7 39. Nxe5 dxe5 40. hxg4 Rxg4
41. Rh1 Rg7 42. Rce1 Kd6 43. Rh6+ Rg6 44. Rxh7 c6 45. Rd1 Rg4
46. dxc6+ Kxc6 47. Rh6+ 1-0

[Event "European Individual Championship"]
[Site "Jerusalem ISR"]
[Date "2015.02.27"]
[EventDate "2015.02.24"]
[Round "4.11"]
[Result "1/2-1/2"]
[White "Maxim Rodshtein"]
[Black "Levan Pantsulaia"]
[WhiteElo "2660"]
[BlackElo "2615"]
[PlyCount "64"]

1. e4 c6 2. d4 d5 3. e5 Bf5 4. Nf3 e6 5. Be2 Nd7 6. O-O Nh6
7. Nbd2 Be7 8. Nb3 O-O 9. c4 dxc4 10. Bxc4 Bg6 11. Bxh6 gxh6
12. Be2 a5 13. Qc1 a4 14. Nbd2 a3 15. b3 Nb6 16. Nc4 Kg7
17. Nxb6 Qxb6 18. Qf4 Rac8 19. Rac1 Rfd8 20. Rc4 Rd5 21. h4 h5
22. Rfc1 Qd8 23. g3 c5 24. b4 b6 25. dxc5 bxc5 26. b5 Qd7
27. Ra4 c4 28. Raxc4 Rxc4 29. Bxc4 Rd1+ 30. Rxd1 Qxd1+ 31. Kg2
Qc2 32. Nd2 Bb4 1/2-1/2

[Event "European Individual Championship"]
[Site "Jerusalem ISR"]
[Date "2015.03.01"]
[EventDate "2015.02.24"]
[Round "5.17"]
[Result "1-0"]
[White "Aleksandr Shimanov"]
[Black "Maxim Rodshtein"]
[WhiteElo "2594"]
[BlackElo "2660"]
[PlyCount "73"]

1. d4 Nf6 2. c4 g6 3. f3 d5 4. cxd5 Nxd5 5. e4 Nb6 6. Nc3 Bg7
7. Be3 O-O 8. Qd2 Nc6 9. O-O-O Qd6 10. Kb1 Rd8 11. Nb5 Qd7
12. d5 a6 13. Nc3 Qe8 14. Qc1 Na5 15. h4 e6 16. Bf4 Qe7 17. h5
exd5 18. hxg6 fxg6 19. Bg5 Bf6 20. Bxf6 Qxf6 21. exd5 Qf7
22. Qh6 c6 23. g4 Nxd5 24. Nxd5 Be6 25. Nf6+ Qxf6 26. Qxh7+
Kf8 27. Re1 Bf7 28. Qh6+ Qg7 29. Qf4 Rd4 30. Qe3 Rad8 31. Qa3+
Kg8 32. Qxa5 Rd2 33. Qb6 g5 34. Rc1 Qg6+ 35. Ka1 Qc2 36. Ne2
Qd1 37. Qe3 1-0

[Event "European Individual Championship"]
[Site "Jerusalem ISR"]
[Date "2015.03.02"]
[EventDate "2015.02.24"]
[Round "6.38"]
[Result "1-0"]
[White "Maxim Rodshtein"]
[Black "Axel Rombaldoni"]
[WhiteElo "2660"]
[BlackElo "2488"]
[PlyCount "81"]

1. c4 Nf6 2. Nc3 g6 3. Nf3 d5 4. cxd5 Nxd5 5. Qb3 Nb6 6. d4
Bg7 7. Bf4 O-O 8. e3 Be6 9. Qa3 c6 10. Be2 Nc4 11. Bxc4 Bxc4
12. Qb4 Ba6 13. O-O-O Nd7 14. h4 Nf6 15. e4 Ng4 16. Rd2 h5
17. Rhd1 Qd7 18. Ne1 Qe8 19. f3 Nf6 20. Nd3 Bxd3 21. Rxd3 Qd7
22. Kb1 Rfe8 23. d5 Qc8 24. dxc6 bxc6 25. Qc4 Qb7 26. Na4 Rac8
27. Nc5 Qa8 28. Qa6 Red8 29. Qb7 Rxd3 30. Rxd3 Qxb7 31. Nxb7
c5 32. Ra3 Nd7 33. Rxa7 Ne5 34. Bxe5 Bxe5 35. Na5 Bg3 36. Rxe7
Rd8 37. Kc2 Ra8 38. Nb7 c4 39. a3 Kg7 40. Rd7 Rb8 41. Nd6 1-0

[Event "European Individual Championship"]
[Site "Jerusalem ISR"]
[Date "2015.03.03"]
[EventDate "2015.02.24"]
[Round "7.24"]
[Result "0-1"]
[White "Tamir Nabaty"]
[Black "Maxim Rodshtein"]
[WhiteElo "2585"]
[BlackElo "2660"]
[PlyCount "100"]

1. e4 c6 2. d4 d5 3. f3 e6 4. Nc3 Qb6 5. a3 Nd7 6. Be3 Ngf6
7. b4 dxe4 8. fxe4 e5 9. Nf3 Bd6 10. Qd2 Qc7 11. Rd1 O-O
12. d5 a6 13. dxc6 Qxc6 14. Be2 Re8 15. O-O Bf8 16. Nh4 Nb6
17. b5 Qc7 18. bxa6 bxa6 19. Nd5 Nbxd5 20. exd5 Ne4 21. Qd3
Nd6 22. c4 Be7 23. g3 e4 24. Qc3 Bh3 25. c5 Bxf1 26. Rxf1 Rec8
27. Qe5 Nb7 28. d6 Nxd6 29. cxd6 Bxd6 30. Qxe4 Re8 31. Qf3
Bxa3 32. Nf5 Bc5 33. Bxc5 Qxc5+ 34. Rf2 Ra7 35. Kg2 a5 36. Bd3
Kh8 37. Rc2 Qf8 38. Bb5 Rd8 39. Qf2 Rb7 40. Rc5 g6 41. Bc6
Rbb8 42. Rxa5 gxf5 43. Rxf5 Qh6 44. Rf6 Qc1 45. Kh3 Rd2
46. Qf4 Qb2 47. Rxf7 Rxh2+ 48. Kg4 Qe2+ 49. Qf3 Qe6+ 50. Rf5
Rb4+ 0-1